Missing Word: Aussie Bands & Artists Quiz Stats

Quiz Updated Nov 29, 2016

Challenge
Share
Tweet
Embed
Score 0/20 Timer 02:00
2 Plays Today
Aussie Band/Artist Missing Word % Correct
Olivia Newton-______John
98%
______ At WorkMen
97.6%
______ GeesBee
94.5%
______ SupplyAir
82.7%
______ MinogueKylie
75.5%
______ UrbanKeith
74.1%
Savage ______Garden
67.2%
Little River ______Band
62.5%
______ ReddyHelen
61.2%
Crowded ______House
59.9%
Aussie Band/Artist Missing Word % Correct
The Choir______boys
50.8%
Midnight ______Oil
38.8%
Silver______chair
33.7%
Hoodoo ______ Gurus
24%
Wolf______mother
22.8%
The Living ______End
17%
______ TattooRose
15.9%
Powder______finger
15.3%
The ______beatsEasy
14.2%
______ BirdmanRadio
7.9%

Today's Daily Dose

Missing Word
Brians

On This Day
January 17th

You're not logged in!

Compare scores with friends on all Sporcle quizzes.
Sign Up with Email
OR
Log In

You Might Also Like...

Show Comments

Extras

Top Quizzes Today


Score Distribution

Your Account Isn't Verified!

In order to create a playlist on Sporcle, you need to verify the email address you used during registration. Go to your Sporcle Settings to finish the process.